BIBLIOTHÈQUE DE LA MAISON DU MEXIQUE

Logo 1 Logo 2

El estado y las etnias nacionales en México (notice nᵒ 1586)

détails MARC
000 -Sello discográfico
campo de control de longitud fija 01321nam a2200337 4500
005 - Identificación de versión
campo de control 20251104211035.0
010 ## - Número Estándar Internacional de Libros (ISBN)
Número (ISBN) 968-36-4483-X
035 ## - Otros números de control del sistema
Número de control del sistema 21042
099 ## - fechas locales
Tipo de ítem Koha LIBRO
100 ## - Datos de procesamiento general
Datos de procesamiento general 19970423d1995 m y1spay5003 ba
101 ## - Idioma del recurso
Idioma del texto, banda sonora, etc. Español; Castellano
105 ## - Campo de datos codificados: Material textual, monográfico
Datos codificados de monografía a 001zy
200 1# - Título y mención de responsabilidad
Título propio El estado y las etnias nacionales en México
Designación general del material texto impreso
Otra información del título la relación entre el derecho estatal y el derecho consuetudinario
Primer mención de responsabilidad Jorge Alberto González Galván
205 ## - Declaración de edición
Declaración de edición 1a ed
210 ## - Publicación, distribución, etc.
Lugar de publicación, distribución, etc. México
Nombre del editor, distribuidor, etc. Universidad Nacional Autónoma de México, Instituto de Investigaciones Jurídicas
Fecha de publicación, distribución, etc. 1995
215 ## - Descripción física
Designación de material específico y extensión del ítem 254 p
Otras características físicas il.
Dimensiones 23 cm
300 ## - Notas generales
Texto de la nota Ejemplar autografiado por el autor
345 ## - Nota de información de adquisición
Fuente de adquisición/dirección de la suscripción [OBSOLETO] Donación Jorge Alberto González Galván
410 #1 - Series
Título Serie E
Nombre de parte o sección Varios
Número de volumen 65
606 ## - Término temático usado como materia
Elemento de entrada Derecho consuetudinario
Subdivisión geográfica México
Número Koha 1691
606 ## - Término temático usado como materia
Elemento de entrada Indios de México
Subdivisión temática Condición jurídica, leyes, etc
Número Koha 1031
606 ## - Término temático usado como materia
Elemento de entrada Indios de México
Subdivisión temática Identidad étnica
Número Koha 3997
606 ## - Término temático usado como materia
Elemento de entrada Indios de México
Subdivisión temática Relaciones con el gobierno
Número Koha 414
660 ## - Código de área geográfica
Código MX
700 ## - Nombre personal - Responsabilidad primaria
Elemento de entrada González Galván
Parte del nombre distinta del elemento de entrada Jorge Alberto
Fechas 1961-
Número Koha 698
801 #0 - Fuente de origen
País FR
Agencia cm
Reglas de catalogación (convenciones descriptivas) AFNOR
856 4# - Localización electrónica y acceso
Identificador Uniforme de Recurso http://biblio.juridicas.unam.mx/libros/libro.htm?l=214
942 ## - ELEMENTOS DE ENTRADA SECUNDARIOS (KOHA)
Tipo de ítem Koha Livre
Exemplaires
Estatus retirado Estado de daño Estado de pérdida Fecha de adquisición Biblioteca de origen Biblioteca actual Ubicación en estantería Código de barras Precio de reemplazo Signatura topográfica completa No para préstamo Tipo de ítem Koha Nota pública Nota no pública
      05/08/2025 Casa México Paris Casa México Paris   004359 05/08/2025 340.5 G643E   Livre 20210104LIV 751145101